Bernadotte and the fall of Napoleon /

Bibliographic Details
Main Author: Scott, Franklin D. (Franklin Daniel), 1901-1994
Format: Book
Language:English
Published: Cambridge : Harvard university press, 1935.
Series:Harvard historical monographs ; v. 7.
Subjects:

MARC

Tag First Indicator Second Indicator Subfields
LEADER 00000cam a2200000 4500
001 in00000300921
005 20151010142150.0
008 750717s1935 mau b 00010beng d
010 |a  35017803  
035 |a (OCoLC)01455080 
035 |9 ABH4022AM 
040 |c DZM  |d TXA  |d UtOrBLW 
049 |a TXAM  |c [116210] 
050 0 0 |a DL820  |b .S33 1935 
082 0 |a 948.07 
100 1 |a Scott, Franklin D.  |q (Franklin Daniel),  |d 1901-1994. 
245 1 0 |a Bernadotte and the fall of Napoleon /  |c by Franklin D. Scott. 
264 1 |a Cambridge :  |b Harvard university press,  |c 1935. 
300 |a 5 pages ., [3]-190 pages ;  |c 21 cm. 
336 |a text  |b txt  |2 rdacontent 
337 |a unmediated  |b n  |2 rdamedia 
338 |a volume  |b nc  |2 rdacarrier 
490 1 |a Harvard historical monographs ;  |v VII 
500 |a "This monograph is a condensation of a doctoral dissertation [Harvard university, 1932] under the same title."--Prefatory note. 
504 |a Bibliography: pages [170]-182. 
600 0 0 |a Charles  |b XIV John,  |c King of Sweden and Norway,  |d 1763-1844. 
600 0 0 |a Napoleon  |b I,  |c Emperor of the French,  |d 1769-1821. 
651 0 |a Europe  |x History  |y 1789-1815. 
830 0 |a Harvard historical monographs ;  |v v. 7. 
999 |a MARS 
999 f f |s 75e27c8b-6939-39d5-9071-4b7351bff4b9  |i 6e6c3834-e925-37aa-b763-36d05aeeda71  |t 0 
952 f f |p ric  |a Texas A&M University  |b Rellis Campus  |c Joint Library Facility  |d Remote Storage  |t 0  |e DL820 .S33 1935  |h Library of Congress classification  |i unmediated -- volume  |m A14802012547 
998 f f |a DL820 .S33 1935  |t 0  |l Remote Storage